Państwa na 9 liter - Statystyki

Ogólne statystyki
  • Ten quiz został rozwiązany 17 razy
  • Średni wynik to 9 z 14
Statystyki odpowiedzi
Odpowiedź % Poprawnych
Argentyna
86%
Australia
86%
Hiszpania
86%
Tajlandia
79%
Wenezuela
79%
Finlandia
71%
Kirgistan
64%
Gwatemala
57%
Kostaryka
57%
Nikaragua
57%
Indonezja
50%
Chorwacja
43%
Mauritius
29%
San Marino
29%
Nie znaleziono quizów pasujących do podanych kryteriów
Rozkład punktacji
Procent ludzi z każdym wynikiem
Percentyl według liczby udzielonych odpowiedzi
Twoja historia wyników
Nie rozwiązałeś tego quizu